00301 a2200109 4500000002500000020001800025100002500043245005800068260002700126264002100153999001700174 nam a22 7a 4500 a9789391502492 aTomasi,Omar Mei9103 aManufacturing management and decision support systems bKnowledge Bakersc2023 bKnowledge Bakers c35989d35989